000 01283nam a2200253 a 4500
001 000045310
005 20201002050043.0
008 150302s2014 dr a 000 0 spa d
020 _a9789945475999
040 _aDO-SdBNP
_bspa
_cBNPHU
082 _bJ93c
245 0 0 _aJugar con las estrellas :
_bselección de cuentos infantiles del Caribe de habla hispana /
_cedición ; Thelma Jiménez ; ilustraciones Nydia Fernández Pérez Yorlan Cabezas Padrón.
260 _aSanto Domingo :
_bEdiciones Ferilibro,
_c2014.
300 _a54 p. :
_bil. ;
_c22 cm.
490 1 _aDienteleche
505 0 _tRepública Dominicana : Titi y la ciguapa --
_rEleonor Grijmaldi Silié --
_tVauli la Estrellamar --
_rJenny Montero --
_tPuerto Rico : Barquito de papel --
_rMarioantonio Rosa --
_tMi ave de hojas --
_rJosé Rabelo --
_tCuba : La se ñora solitaria --
_rZurelys López Amaya --
_tClaudio y el pez lunar --
_rAlberto Hernández Sánchez --
500 _aIncluye datos de los autores
650 4 _aCuentos infantiles caribeños
_xColecciones
_973329
650 4 _aLiteratura infantil caribeña
_xColecciones
_973330
700 1 2 _aJiménez, Thelma,
_eed.
_922967
700 1 2 _aFernández Pérez, Nydia,
_eil.
_973331
700 1 2 _aCabezas Padrón, Yorlan,
_eil.
_973332
830 0 _aDienteleche
_954956
999 _c44799
_d44799